Name Dropping #1: Classical Composers - Statistics

General Stats
  • This quiz has been taken 255 times
  • The average score is 15 of 20
Answer Stats
Hint Explanation Answer % Correct
Wolfgang Amadeus 1756-1791 Mozart
99%
Johann Sebastian 1685-1750 Bach
98%
Ludwig c. 1770-1827 van Beethoven
97%
Johannes 1833-1897 Brahms
84%
Frédéric 1810-1849 Chopin
84%
Dmitri 1906-1975 Shostakovich
84%
Igor 1882-1971 Stravinsky
84%
Béla 1881-1945 Bartók
83%
Claude 1862-1918 Debussy
83%
Richard 1813-1883 Wagner
80%
Joseph 1732-1809 Haydn
71%
Gustav 1860-1911 Mahler
71%
Benjamin 1913-1976 Britten
69%
Maurice 1875-1937 Ravel
68%
Jean 1865-1957 Sibelius
68%
Kaija 1952-2023 Saariaho
64%
Claudio 1567-1643 Monteverdi
62%
Olivier 1908-1992 Messiaen
51%
Steve b. 1936 Reich
51%
György 1923-2006 Ligeti
45%
No matching quizzes found
Score Distribution
Percent of People with Each Score
Percentile by Number Answered
Your Score History
You have not taken this quiz